[Event "Subang Jaya op 12th"]
[Site "Subang Jaya"]
[Date "2024.01.28"]
[Round "5"]
[White "Chong, Jin Ci"]
[Black "Ishak, Mohd Hafizul"]
[Result "0-1"]
[WhiteElo "1629"]
[BlackElo "1568"]
[PlyCount "98"]
[EventDate "2024.01.27"]
[EventType "swiss"]
[EventRounds "8"]
[EventCountry "MAS"]
[SourceTitle "CB06_2024"]
[SourceDate "2024.02.07"]
[SourceVersion "1"]
[SourceVersionDate "2024.02.07"]
[SourceQuality "1"]

1. e4 b6 2. d4 Bb7 3. Bd3 e6 4. Nf3 Nf6 5. Qe2 d5 6. e5 Ne4 7. Nbd2 Nxd2 8. Bxd2 c5 9. c3 Nc6 10. 0-0 a6 11. a3 h6 12. Be3 c4 13. Bc2 g6 14. Nd2 b5 15. f4 Qb6 16. g4 0-0-0 17. Kh1 Bg7 18. Nf3 h5 19. Ng5 hxg4 20. Nxf7 g3 21. Nxh8 Rxh8 22. Bg1 gxh2 23. Bxh2 g5 24. Qg4 Nxd4 25. Qg1 Nf3 26. Rxf3 d4 27. Raf1 Bxf3+ 28. Rxf3 Qc6 29. Qg2 d3 30. Bd1 Qe4 31. Rf1 Qh7 32. Qc6+ Kd8 33. Qd6+ Ke8 34. Qxe6+ Kd8 35. Qd6+ Ke8 36. Rf2 Qe4+ 37. Bf3 Qe1+ 38. Kg2 Rxh2+ 39. Kxh2 Qxf2+ 40. Bg2 Qxf4+ 41. Kg1 Qe3+ 42. Kf1 Qe2+ 43. Kg1 Qe1+ 44. Bf1 Qxe5 45. Qxe5+ Bxe5 46. Kf2 Kd7 47. Ke3 Bf4+ 48. Kf2 Bc1 49. Bg2 Kc7 0-1

[Event "Subang Jaya op 12th"]
[Site "Subang Jaya"]
[Date "2024.01.28"]
[Round "8"]
[White "Ismadi, Muhd Eilfie"]
[Black "Chong, Jin Ci"]
[Result "1-0"]
[WhiteElo "1500"]
[BlackElo "1629"]
[PlyCount "79"]
[EventDate "2024.01.27"]
[EventType "swiss"]
[EventRounds "8"]
[EventCountry "MAS"]
[SourceTitle "CB06_2024"]
[SourceDate "2024.02.07"]
[SourceVersion "1"]
[SourceVersionDate "2024.02.07"]
[SourceQuality "1"]

1. e4 c5 2. Nf3 d6 3. c3 Nf6 4. Bd3 g6 5. Bc2 Bg7 6. 0-0 0-0 7. d4 Nbd7 8. Na3 a6 9. h3 Qc7 10. Be3 b5 11. Nb1 Bb7 12. Nbd2 Rac8 13. Rc1 Rfd8 14. Bd3 Qa5 15. a4 cxd4 16. cxd4 Rxc1 17. Qxc1 Rc8 18. Qa1 Nb6 19. axb5 Qxa1 20. Rxa1 axb5 21. Ra7 Rb8 22. b3 Nc8 23. Ra5 Bc6 24. d5 Be8 25. b4 Nd7 26. Rxb5 Rxb5 27. Bxb5 Bc3 28. Ba6 Ncb6 29. b5 Bb4 30. Kf1 Bc5 31. Ke2 Na8 32. Nb3 Bxe3 33. Kxe3 Nc7 34. Kd4 Nb6 35. Nfd2 Bxb5 36. Bxb5 Nxb5+ 37. Kd3 Kg7 38. Nd4 Nxd4 39. Kxd4 Kf6 40. f4 1-0

[Event "Subang Jaya op 12th"]
[Site "Subang Jaya"]
[Date "2024.01.27"]
[Round "3"]
[White "Chong, Jin Ci"]
[Black "Avinash, Reddy"]
[Result "1-0"]
[WhiteElo "1629"]
[BlackElo "1385"]
[PlyCount "106"]
[EventDate "2024.01.27"]
[EventType "swiss"]
[EventRounds "8"]
[EventCountry "MAS"]
[SourceTitle "CB06_2024"]
[SourceDate "2024.02.07"]
[SourceVersion "1"]
[SourceVersionDate "2024.02.07"]
[SourceQuality "1"]

1. e4 c5 2. Nf3 Nc6 3. d4 cxd4 4. Nxd4 Nf6 5. Nc3 e5 6. Ndb5 d6 7. Nd5 Nxd5 8. exd5 Nb8 9. c4 Be7 10. Be2 Bf5 11. 0-0 0-0 12. Re1 Nd7 13. Bd3 Bxd3 14. Qxd3 f5 15. f3 a6 16. Nc3 Qe8 17. Be3 Qh5 18. b4 Rf6 19. f4 Rh6 20. h3 Rg6 21. Bf2 Bf6 22. Ne2 e4 23. Qe3 Rh6 24. Rac1 g5 25. Ng3 Qg6 26. Rc2 Rf8 27. Ne2 g4 28. hxg4 fxg4 29. Bg3 Qh5 30. Qxe4 Re8 31. Qd3 Bh4 32. Bxh4 Qxh4 33. Kf1 Nf6 34. Qg3 Qh1+ 35. Ng1 Ne4 36. Qxg4+ Rg6 37. Qh3 Qxh3 38. Nxh3 Kf7 39. Rxe4 Rc8 40. Ng5+ Kf6 41. Re6+ Kf5 42. Rxg6 hxg6 43. g3 b6 44. Kf2 a5 45. b5 Rh8 46. Kf3 Rh1 47. g4+ Kf6 48. Re2 Rf1+ 49. Kg3 Rc1 50. Ne4+ Ke7 51. f5 gxf5 52. gxf5 Rg1+ 53. Kf4 Rf1+ 1-0